Super Mario Odyssey Königreiche - Statistiken

Allgemein
  • Dieses Quiz wurde 309 mal gespielt
  • Das Durchschnittsergebnis liegt bei 12 aus 17
Antwortstatistiken
Hint Antwort % Korrekt
1 Hutland
95%
3 Wüstenland
86%
2 Kaskadenland
85%
5 Seeland
85%
14 Mondland
82%
4 Forstland
77%
6 Wolkenland
75%
17 Pilzkönigreich
74%
13 Bowserland
71%
10 Küstenland
70%
8 Cityland
69%
7 Verlorenes Land
67%
11 Schlemmerland
62%
15 Finstere Seite
60%
12 Ruinenland
57%
9 Polarland
55%
16 Stockfinstere Seite
54%
Keine übereinstimmenden Quizze gefunden
Verteilung der Resultate
Anzahl Personen mit jedem Resultat
Perzentil nach korrekt beantworteten Fragen
Ihre Resultats-Entwicklung
Sie haben dieses Quiz noch nicht gespielt